| 000 | 00490nam a22001817a 4500 | ||
|---|---|---|---|
| 999 |
_c526764 _d526764 |
||
| 003 | NUST | ||
| 020 | _qHBK | ||
| 038 | _aFaiza | ||
| 082 |
_a891.4911 _bSHA |
||
| 100 |
_aShah, Baba Bulhy _917768 |
||
| 245 |
_aKafiaan / _cBaba Bulhy Shah |
||
| 260 |
_aLahore : _bShirkat Press, _c2003. |
||
| 300 | _a215 p. ; | ||
| 880 |
_6100-01\r _aبابا بُلھے شاہ |
||
| 880 |
_6245-02\r _aکافیاں / |
||
| 880 |
_6260-03\r _aلاہور : _bشرکت پریس, _c۲۰۰۳. |
||
| 942 |
_2ddc _cBK |
||